• 首页
  • 本馆介绍
  • 公告通知
  • 最新文献
  • 馆藏检索
  • 电子资源
  • 读者导购
  • 参考咨询
  • 我的图书馆
  • 登录
  • 详细信息显示
  • 放入我的书架
  • 预约/预借图书
  • 作者相关作品
  • 分类相关作品
  • 丛书相关作品
  • 出版社相关作品

书目信息

  • 表格格式
  • 工作单格式
  • 卡片格式
题名:
生命之谜
    
 
作者: 杨汝生 编
分册:  
出版信息: 北京   时事出版社  2005
页数: 278页
开本: 23cm
丛书名: 发现世界系列丛书
单 册:
中图分类: Q1-0
科图分类:
主题词: 生命科学--普及读物
电子资源:
ISBN: 7-80009-942-3
000 01448nam0 2200325 450
000 01411nam0 2200313 450
000 01380nam0 2200313 450
000 01326nam0 2200289 450
000 01322nam0 2200277 450
000 01285nam0 2200265 45
001 TS2006044769
005 20061221151424.85
010    @a7-80009-942-3@dCNY29.00
100    @a20060829d2005 ekmy0chiy0120 ea
101 0  @achi
102    @aCN@b110000
105    @ay z 000yy
200 1  @a生命之谜@ASheng Ming Zhi Mi@f杨汝生编@FYang Ru Sheng Bian
210    @a北京@c时事出版社@d2005
215    @a278页@d23cm
225 2  @a发现世界系列丛书
330    @a本书分为两性之间、生物趣闻和自然之谜三个部分,撷取、编译西方最新研究成果,详述究竟是什么控制了人类从受精卵开始到成长、衰老、死亡的过程?阐释了男人和女人之间诸多的悲欢离合,究竟有着怎样的化学机制?描绘了生物的种种趣事,使读者在感叹造物主神奇的同时,增加有关这些精灵的知识,并探究了从闪电、地震到火山喷发等自然现象的奥秘。本书集科学新知与人文关怀于一体,融科学的深奥与有趣于一炉,使科学性、知识性、前沿性和通俗易懂、生动有趣的写作方式有机结合,使读者不知不觉中提高了科学和人文素养。
410  0 @12001 @a发现世界系列丛书
606 0  @a生命科学@x普及读物
690    @aQ1-0@v4
701  0 @a杨汝生@AYang Ru Sheng@4编
801  0 @aCN@b中图数据@c20061221
905    @a10447@dQ1-0@e106
    
    生命之谜/杨汝生编.-北京:时事出版社,2005
    278页;23cm.-(发现世界系列丛书)
    
    
    ISBN 7-80009-942-3:CNY29.00
    本书分为两性之间、生物趣闻和自然之谜三个部分,撷取、编译西方最新研究成果,详述究竟是什么控制了人类从受精卵开始到成长、衰老、死亡的过程?阐释了男人和女人之间诸多的悲欢离合,究竟有着怎样的化学机制?描绘了生物的种种趣事,使读者在感叹造物主神奇的同时,增加有关这些精灵的知识,并探究了从闪电、地震到火山喷发等自然现象的奥秘。本书集科学新知与人文关怀于一体,融科学的深奥与有趣于一炉,使科学性、知识性、前沿性和通俗易懂、生动有趣的写作方式有机结合,使读者不知不觉中提高了科学和人文素养。
●
相关链接 在E读中查询图书 在五车中查询图书 在当当中查询图书 在豆瓣中查询图书


正题名:生命之谜     索取号:Q1-0/106         预约/预借

序号 登录号 条形码 馆藏地/架位号 状态 备注
1 0608894   206088945   第二样本阅览室/ [索取号:Q1-0/106] 在馆    
2 0608895   206088954   第三借阅区/ [索取号:Q1-0/106] 在馆    
3 0608896   206088963   第三借阅区/ [索取号:Q1-0/106] 在馆    
唐山师范学院图书馆 欢迎您!
大连网信软件有限公司© 版权所有